| 000 | 00431nam a2200181Ia 4500 | ||
|---|---|---|---|
| 001 | 23309 | ||
| 005 | 20260414150928.0 | ||
| 008 | 260414t2015||||xx |||||||||||||| ||spa|| | ||
| 041 | _aESP | ||
| 082 |
_a629.13252 _bV49 |
||
| 100 |
_aVergara Merino, Raquel _eAUT |
||
| 245 | 0 |
_aPiloto de dron (RPAS) _b |
|
| 260 | _c2015 | ||
| 300 |
_aix, 290 páginas : _c24 cm. |
||
| 650 | _aCNM | ||
| 654 | _aCCN | ||
| 942 |
_cLIB _dJUS _fJUS _2ddc _n |
||
| 999 |
_c23309 _d23309 |
||